[Event "52nd Iran-ch Men Final 2019"]
[Site "Bushehr"]
[Date "2019.01.28"]
[Round "5"]
[White "Ghaem Maghami, Ehsan"]
[Black "Gholami Orimi, Mahdi"]
[Result "1/2-1/2"]
[WhiteElo "2533"]
[BlackElo "2377"]
[Annotator "TA"]
[PlyCount "80"]
[EventDate "2019.01.24"]
[EventType "tourn"]
[EventCountry "IRI"]
[SourceTitle "playchess.com"]
[Source "ChessBase"]
[SourceQuality "1"]

{[%evp 25,80,2,6,0,0,0,0,0,0,0,0,0,12,18,18,13,25,0,0,0,0,0,0,0,0,0,0,0,0,-4,0,0,0,0,0,0,0,0,0,0,0,0,0,0,0,0,0,0,0,0,0,0,0,0,0,0,0]} 1. Nf3 Nf6 2. c4 e6 3. g3 d5 4. Bg2 dxc4 5. Qa4+ Nbd7 6. Qxc4 c5 7. O-O b6 8. d4 Bb7 9. Rd1 Rc8 {E03: Open Catalan: 5 Qa4+ Nbd7 6 Qxc4} (9... cxd4 10. Nxd4 Bxg2 11. Kxg2 Qc8 12. Nd2 Bc5 13. b4 Bxd4 14. Qxd4 Qc6+ 15. Kg1 O-O 16. Bb2 a5 17. bxa5 Rxa5 {0-1 (30) Cordova,E (2609)-Miton,K (2604) Havana 2015}) 10. Nc3 a6 11. dxc5 Bxc5 12. Qh4 b5 13. Ne5 Bxg2 {LiveBook: 5 Games} 14. Kxg2 O-O $146 ({Predecessor:} 14... Qe7 15. Nxd7 Nxd7 16. Qxe7+ Kxe7 17. Ne4 {1-0 (41) Novik,M (2466)-Olenin,N (2409) Sochi 2007}) 15. Bg5 Qc7 16. Nxd7 Nxd7 17. Ne4 f6 18. Bf4 e5 19. Nxc5 Nxc5 20. Be3 Na4 21. Rd2 Rfd8 {The position is equal.} 22. Qb4 Rxd2 23. Qxd2 Rd8 24. Qb4 Qd6 25. Qb3+ Qd5+ 26. Qxd5+ Rxd5 $11 {[%mdl 4096] Endgame KRB-KRN} 27. Rb1 b4 28. Kf1 Kf7 29. Ke1 a5 30. Bd2 Rc5 31. b3 Nc3 32. Rc1 Ne4 33. Rxc5 Nxc5 {KB-KN} 34. Be3 Nd7 35. Kd2 {[#] Strongly threatening Kd3.} Ke6 36. Ba7 Kd5 37. f3 f5 {[%cal Bf6f5,Bf5f4][%mdl 32]} 38. Kd3 Nc5+ 39. Bxc5 Kxc5 40. e4 f4 {Precision: White = 89%, Black = 83%.} 1/2-1/2

[Event "52nd Iran-ch Men Final 2019"]
[Site "Bushehr"]
[Date "2019.01.28"]
[Round "5"]
[White "Mosadeghpour, Masoud"]
[Black "Daghli, Arash"]
[Result "1-0"]
[WhiteElo "2517"]
[BlackElo "2366"]
[Annotator "TA"]
[PlyCount "79"]
[EventDate "2019.01.24"]
[EventType "tourn"]
[EventCountry "IRI"]
[SourceTitle "playchess.com"]
[Source "ChessBase"]
[SourceQuality "1"]

{[%evp 17,79,18,47,0,0,-14,0,-2,12,0,0,0,0,0,16,0,0,-24,61,78,80,56,61,52,52,43,120,120,113,116,156,162,155,156,202,197,200,191,178,182,262,266,294,164,254,260,381,157,181,169,206,127,138,63,300,306,838,825,928,915,1102,1096,1353,1360]} 1. d4 Nf6 2. Nf3 e6 3. g3 b6 4. Bg2 Bb7 5. O-O d5 6. c4 Be7 7. cxd5 exd5 8. Nc3 O-O 9. Ne5 c6 {[%cal Bc7c6,Bc6c5,Bc5c4][%mdl 32] LiveBook: 28 Games. E18: Queen's Indian: Old Main Line (4 g3 Bb7 5 Bg2 Be7 6 0-0 0-0 7 Nc3)} (9... h6 10. Bf4 Re8 11. Rc1 Na6 12. Qa4 Bf8 13. Rfd1 c5 14. dxc5 Nxc5 15. Qd4 g5 16. Be3 Bg7 17. Nf3 {½-½ (105) Yilmaz,M (2613)-Jumabayev,R (2613) Almaty 2016}) 10. f4 $146 (10. e4 $14) ({Predecessor:} 10. Bf4 Nbd7 11. Rc1 Nxe5 12. Bxe5 Re8 13. a3 Qd7 14. b4 Qf5 15. Qc2 Qh5 16. Bxf6 Bxf6 17. e3 Re6 18. Qd1 Qxd1 19. Rfxd1 {½-½ (73) Chytilek,R (2334)-Nedela,V (2308) Czech Republic 2018}) 10... c5 $11 11. e3 Re8 {The position is equal.} 12. Qb3 Na6 13. Bd2 Nc7 14. Rad1 c4 15. Qc2 b5 16. g4 Nd7 17. g5 f6 (17... Nxe5 $11 18. fxe5 b4) 18. gxf6 $14 Nxf6 19. Kh1 Rf8 20. Bf3 Nfe8 21. Rg1 Qd6 (21... Nd6 $14) 22. Be1 $16 Rd8 23. Qg2 Bc8 24. a4 a6 25. Na2 Qh6 26. axb5 axb5 27. Nb4 $1 {[%cal Rb4c6]} Bh3 28. Qg3 {And now Nbc6 would win.} Bxb4 (28... Rd6 $142 29. Nbc6 Rxc6) 29. Bxb4 $18 Nd6 30. Ba5 (30. Ra1 $142 {Black must now prevent Ra7.} Bf5 31. Ra7) 30... Nde8 (30... Rc8 {is a better defense.} 31. Bb4 Rfd8) 31. Ra1 Ra8 (31... Bf5 {might work better.} 32. Bb4 Nf6 33. Bxf8 Rxf8) 32. Bb4 (32. Bxc7 $18 {is the precise move to win.} Nxc7 33. Rxa8 Rxa8 34. f5 $1 {[%mdl 512]} Bxf5 35. Nc6 $1 {[%mdl 512]}) 32... Rxa1 $16 33. Rxa1 Rf6 34. Be7 $36 {[%mdl 2048] White is on the roll.} Rb6 {[#]} 35. Bc5 ({White should try} 35. Bd8 $1 $16) 35... Rb7 $2 ({Black should play} 35... Re6 $1 $14) 36. e4 $18 Be6 $2 (36... dxe4 37. Bxe4 Rb8) 37. f5 {White is clearly winning.} dxe4 38. fxe6 exf3 39. Qxf3 {[%csl Gc5][%cal Rf3f8]} Nxe6 40. Qxb7 {Accuracy: White = 71%, Black = 33%.} 1-0

[Event "52nd Iran-ch Men Final 2019"]
[Site "Bushehr"]
[Date "2019.01.28"]
[Round "5"]
[White "Darini, Pouria"]
[Black "Firouzja, Alireza"]
[Result "0-1"]
[WhiteElo "2475"]
[BlackElo "2618"]
[Annotator "TA"]
[PlyCount "72"]
[EventDate "2019.01.24"]
[EventType "tourn"]
[EventCountry "IRI"]
[SourceTitle "playchess.com"]
[Source "ChessBase"]
[SourceQuality "1"]

{[%evp 17,72,47,54,7,31,22,17,-16,0,0,0,0,0,0,0,0,0,0,0,0,-8,-20,0,0,0,0,0,0,0,0,0,0,0,-6,0,-24,0,-18,-8,-15,0,-23,0,-95,-31,-84,-92,-148,-148,-136,-141,-200,-189,-891,-888,-893,-881]} 1. e4 e5 2. Nf3 Nc6 3. Bb5 a6 4. Ba4 Nf6 5. O-O b5 6. Bb3 Bc5 7. c3 d6 8. d4 Bb6 9. a4 Rb8 10. a5 {C78: Ruy Lopez: Archangelsk and Möller Defences} Ba7 $1 11. Re1 (11. h3 O-O 12. Re1 Bb7 13. Be3 exd4 14. cxd4 Ne7 15. Nbd2 Bxe4 16. Nxe4 Nxe4 17. Qc2 d5 {0-1 (33) Yu,Y (2759)-Svidler,P (2753) Shenzhen 2018}) 11... Bg4 12. Be3 {The position is equal.} O-O 13. dxe5 Bxf3 14. Qxf3 Nxe5 15. Qe2 $146 ({Predecessor:} 15. Qd1 c5 16. Bg5 Qe7 17. Nd2 c4 {1-0 (30) Vishnu,P (2341)-Kobayashi,A (1936) Gaziantep 2008}) 15... Bxe3 16. Qxe3 c5 17. Nd2 {[%cal Bb1d2,Bd2f1,Bf1e3,Be3f5][%mdl 32]} Re8 18. Bc2 Qc7 19. Qg3 Re7 20. Nf1 Nc4 21. b3 Nxa5 22. Ne3 Re6 23. Nf5 {[%csl Gf5][%cal Rg3g7]} g6 24. Qg5 Kh8 25. Ne3 Rbe8 26. Red1 Qb6 27. h4 c4 ({But not} 27... Nxe4 $2 28. Bxe4 Nxb3 29. Bd5 $18) 28. b4 $1 Nb3 $36 {[%mdl 2048] Black has some pressure.} 29. Rab1 Qd8 30. Bxb3 {[#]} (30. Nd5 $1 $11) 30... cxb3 (30... Re5 $1 $17 {[%cal Re5g5]} 31. Qf4 Nxe4 32. Bxc4 bxc4) 31. Rxb3 (31. Nd5 $1 $15) 31... Rxe4 $17 32. Ra3 ({Better is} 32. Nd5 Nxd5 33. Qxd8 Rxd8 34. Rxd5) 32... R8e5 33. Qg3 Qb6 34. Qf3 {[#]} (34. Rd3 $17) 34... Kg7 $1 $19 {[%cal Re4e3] Strongly threatening ...Rxe3.} 35. Ra2 $2 (35. Rd3) 35... Rxe3 36. fxe3 Rxe3 {Accuracy: White = 43%, Black = 59%.} 0-1

[Event "52nd Iran-ch Men Final 2019"]
[Site "Bushehr"]
[Date "2019.01.28"]
[Round "5"]
[White "Khodashenas, Mersad"]
[Black "Gholami, Aryan"]
[Result "1/2-1/2"]
[WhiteElo "2455"]
[BlackElo "2488"]
[Annotator "TA"]
[PlyCount "82"]
[EventDate "2019.01.24"]
[EventType "tourn"]
[EventCountry "IRI"]
[SourceTitle "playchess.com"]
[Source "ChessBase"]
[SourceQuality "1"]

{[%evp 20,82,43,44,46,0,54,41,39,39,48,0,12,8,8,2,4,12,0,0,0,0,88,0,0,0,8,-10,-10,-10,-10,-10,-10,-17,-16,-20,0,0,0,0,0,0,0,0,0,0,0,0,0,0,0,0,0,0,0,0,0,0,0,0,0,0,0,0,0]} 1. e4 c5 2. Nf3 e6 3. d4 cxd4 4. Nxd4 a6 5. c4 Nf6 6. Nc3 Qc7 7. a3 b6 8. Be3 Bb7 {B41: Sicilian: Kan Variation: 5 c4} 9. f3 d6 10. Be2 (10. Rc1 Nbd7 11. Be2 Rc8 12. O-O Be7 13. b4 Qb8 14. Qd2 Bd8 15. Kh1 h5 16. Nb3 {1-0 (36) Karjakin,S (2753)-Smirin,I (2609) St Petersburg 2018}) 10... Nbd7 11. O-O {LiveBook: 90 Games} Be7 12. b4 O-O (12... b5 $1 $11) 13. Qd2 Rac8 14. Rfc1 Qb8 15. Nb3 Rfe8 16. Kh1 d5 $146 17. cxd5 exd5 18. Nxd5 Rxc1+ 19. Rxc1 ({Of course not} 19. Qxc1 Nxd5 20. exd5 Bf6 $17) 19... Nxd5 20. exd5 Bd6 {[#]} (20... Nf6 $11 {keeps the balance.}) 21. g3 ({Better is} 21. Nd4 $1 $16) 21... Nf6 {The position is equal.} 22. Nd4 Bxd5 23. Bg5 Be5 {Strongly threatening ...Bxd4.} 24. Nc6 ({Don't play} 24. Bxa6 Qa8 $17) 24... Qd6 {Hoping for ...h6.} 25. Nxe5 Qxe5 26. Bxf6 $1 gxf6 27. Bd1 Qe3 28. Qxe3 Rxe3 $11 {[%mdl 4096] Endgame KRB-KRB} 29. a4 Rd3 30. Be2 Rb3 (30... Bxf3+ {is interesting.} 31. Bxf3 Rxf3 32. Rc6 Ra3 33. Rxb6 Rxa4 34. Rxf6 Rxb4 35. Rxa6 Rb2) 31. Rd1 Bxf3+ 32. Bxf3 Rxf3 {KR-KR} 33. Rd6 Ra3 34. Rxf6 Rxa4 35. Rxb6 a5 36. bxa5 Rxa5 37. Kg2 Kg7 38. h4 h5 39. Rd6 Rf5 40. Rd3 Kg6 41. Rd8 Kg7 {Accuracy: White = 65%, Black = 61%.} 1/2-1/2

[Event "52nd Iran-ch Men Final 2019"]
[Site "Bushehr"]
[Date "2019.01.28"]
[Round "5"]
[White "Moradi, Amirmasoud"]
[Black "Pourramezanali, Amirreza"]
[Result "1/2-1/2"]
[WhiteElo "2321"]
[BlackElo "2528"]
[Annotator "TA"]
[PlyCount "186"]
[EventDate "2019.01.24"]
[EventType "tourn"]
[EventCountry "IRI"]
[SourceTitle "playchess.com"]
[Source "ChessBase"]
[SourceQuality "1"]

{[%evp 21,186,23,26,-21,0,0,10,-6,0,0,22,15,14,6,12,8,25,17,33,26,37,0,0,0,0,-10,-14,-9,-7,-9,-12,-10,-13,-19,0,-15,-7,-20,0,0,0,0,0,0,0,-6,0,0,0,0,0,0,0,0,0,0,0,0,0,0,0,0,0,0,0,0,0,0,0,0,0,0,0,0,0,0,0,0,0,0,0,0,0,0,0,0,0,0,0,0,0,0,0,0,0,0,0,0,0,0,0,0,0,0,0,0,0,0,0,0,0,0,0,0,0,0,0,0,0,0,0,0,0,0,0,0,0,0,0,0,0,0,0,0,0,0,0,0,0,0,0,0,0,0,0,0,0,0,0,0,0,0,0,0,0,0,0,0,0,0,0,0,0,0,0,0,0]} 1. d4 Nf6 2. Nf3 e6 3. c4 c5 4. e3 d5 5. Nc3 cxd4 6. exd4 Bb4 7. cxd5 Nxd5 8. Bd2 O-O 9. Bd3 Nc6 10. O-O Be7 11. Qe2 Nf6 {LiveBook: 145 Games} 12. Rfd1 {B14: Caro-Kann: Panov-Botvinnik Attack with 5...e6 and 5...g6} (12. Ne4 Qb6 13. Be3 Nd5 14. Rac1 Rd8 15. a3 {½-½ (15) Motylev,A (2658)-Jakovenko,D (2724) Poikovsky 2012}) 12... Nb4 13. Bb1 b6 14. Ne4 Nbd5 $1 15. Ne5 $146 ({Predecessor:} 15. a3 Bb7 16. Bd3 Rc8 17. Rac1 Rxc1 18. Rxc1 Qb8 19. Ne5 Nxe4 20. Qxe4 {0-1 (34) Beltz,F (1931)-Delemarre,I (2247) Germany 2002}) 15... Nxe4 16. Qxe4 {[%csl Gb1][%cal Re4h7] [#]} f5 17. Qe2 Bb7 18. Nf3 Rf6 19. Bd3 h6 20. a3 Bd6 21. Ba6 Bxa6 {The position is equal.} 22. Qxa6 Qd7 23. Rac1 Rff8 24. Rc2 Rac8 25. Rdc1 {[%cal Rc2c8]} Rxc2 26. Rxc2 Rb8 27. h3 Kf7 28. Bb4 Nxb4 29. axb4 Rb7 30. d5 Rc7 31. dxe6+ Kxe6 {[#] And now ...Bh2+! would win.} 32. Rxc7 Qxc7 33. Qe2+ Kf6 34. Qd2 Bf4 35. Qd4+ Kg6 {( -> ...Qc1+)} 36. g4 fxg4 37. Qe4+ Kf6 38. hxg4 Qd6 39. Kg2 g6 40. Nh4 Kg5 41. Kh3 h5 42. Nf3+ Kh6 43. b5 Qf6 44. gxh5 Kxh5 45. Qd5+ Kh6 46. b3 Bd6 47. Qe4 Kg7 48. Kg4 Be7 49. Qd4 Bc5 50. Qd7+ Kh6 51. Qd2+ Kg7 52. Qd7+ Kh6 53. Qd2+ Kg7 54. Qd7+ Kh6 55. Qd2+ Kg7 56. Qd7+ Kh6 57. Qd2+ Kg7 58. Kg3 Qf5 59. Qd8 Qf7 60. Qd3 Qf6 61. Qd7+ Kh6 62. Qh3+ Kg7 63. Qd7+ Kh6 64. Qh3+ Kg7 65. Qd7+ Kh6 66. Kg2 Qf4 67. Qh3+ Kg7 68. Qd7+ Kh6 69. Qc8 {[%cal Rc8h8]} Kg7 70. Qe6 Kh6 71. Qd7 Qf6 72. Qd2+ Kg7 73. Qd5 Qf4 74. Qe5+ Qf6 75. Qc7+ Kh6 76. Qh2+ Kg7 77. Qc7+ Kh6 78. Qh2+ Kg7 79. Qe5 Bd6 80. Qd4 Bc5 81. Qe4 Kh6 82. Qg4 Kg7 83. Qe4 Kh6 84. Kg3 Bd6+ 85. Kh3 Bc5 86. Kg2 Kg7 87. Qb7+ Kh6 88. Qe4 Kg7 89. Qg4 Kh6 90. Qh3+ Kg7 91. Qd7+ Kh6 92. Qg4 Kg7 93. b4 Bd6 {Accuracy: White = 72%, Black = 84%.} 1/2-1/2

[Event "52nd Iran-ch Men Final 2019"]
[Site "Bushehr"]
[Date "2019.01.29"]
[Round "6"]
[White "Firouzja, Alireza"]
[Black "Ghaem Maghami, Ehsan"]
[Result "1/2-1/2"]
[WhiteElo "2618"]
[BlackElo "2533"]
[Annotator "TA"]
[PlyCount "50"]
[EventDate "2019.01.24"]
[EventType "tourn"]
[EventCountry "IRI"]
[SourceTitle "playchess.com"]
[Source "ChessBase"]
[SourceQuality "1"]

{[%evp 13,50,0,32,32,41,37,41,40,44,34,34,31,29,27,32,30,24,9,13,15,18,13,19,0,15,13,8,8,6,4,20,0,0,0,0,0,0,0,0]} 1. e4 c6 2. Nf3 $146 ({Predecessor:} 2. Nc3 d5 {1-0 (36) Artemiev,V (2647)-Zenzera,A (2454) Voronezh 2014}) 2... d5 3. Nc3 Bg4 4. h3 Bxf3 5. Qxf3 e6 ({Predecessor:} 5... dxe4 6. Nxe4 Nd7 7. g3 Ngf6 8. Bg2 Nxe4 9. Qxe4 e6 {1-0 (36) Artemiev,V (2647)-Zenzera,A (2454) Voronezh 2014}) 6. g3 Nf6 7. Bg2 dxe4 8. Nxe4 {B11: Caro-Kann: Two Knights Variation} Nbd7 9. O-O Nxe4 10. Qxe4 {White is slightly better.} Nf6 11. Qe2 Qb6 ({Predecessor:} 11... Bd6 12. d4 O-O 13. Rd1 Re8 14. c4 {1-0 (36) Artemiev,V (2647)-Zenzera,A (2454) Voronezh 2014}) 12. Rd1 Rd8 13. Rb1 a5 14. b3 Be7 15. a3 O-O {The position is equal.} 16. Bb2 Rd7 17. b4 Rfd8 18. Ba1 axb4 19. axb4 Ne8 {[%cal Bf6e8,Be8d6,Bd6f5][%mdl 32]} 20. d4 Bf6 {[%cal Rf6d4]} 21. c3 Nd6 22. c4 {d5 is the strong threat.} Nf5 {[%cal Rf5d4]} 23. d5 cxd5 24. Bxf6 gxf6 25. cxd5 exd5 {Accuracy: White = 65%, Black = 92%.} 1/2-1/2

[Event "52nd Iran-ch Men Final 2019"]
[Site "Bushehr"]
[Date "2019.01.29"]
[Round "6"]
[White "Idani, Pouya"]
[Black "Mosadeghpour, Masoud"]
[Result "1-0"]
[WhiteElo "2611"]
[BlackElo "2517"]
[Annotator "TA"]
[PlyCount "73"]
[EventDate "2019.01.24"]
[EventType "tourn"]
[EventCountry "IRI"]
[SourceTitle "playchess.com"]
[Source "ChessBase"]
[SourceQuality "1"]

{[%evp 13,73,21,28,12,53,47,64,57,52,24,66,40,94,92,147,138,138,139,132,147,127,128,215,237,259,257,215,240,233,200,224,220,220,227,282,258,1054,1058,1016,947,923,451,401,329,306,318,302,319,320,310,464,453,492,312,300,319,309,313,344,351,324,316]} 1. Nf3 $146 ({Predecessor:} 1. c4 e6 2. g3 Nf6 3. Bg2 d5 {½-½ (28) Sargissian,G (2677)-Xu,Y (2538) Moscow 2018}) 1... Nf6 2. c4 e6 3. g3 d5 4. Bg2 dxc4 5. Qa4+ c6 6. Qxc4 b5 7. Qc2 Bb7 8. a4 {A13: English Opening: 1...e6} Bd6 ({Predecessor:} 8... a6 9. Nc3 Nbd7 10. O-O Be7 11. d3 O-O 12. e4 h6 13. h3 Rc8 14. Rd1 Qb6 15. Be3 c5 16. axb5 axb5 {½-½ (28) Sargissian,G (2677)-Xu,Y (2538) Moscow 2018}) 9. O-O O-O 10. d4 {White is slightly better.} Nbd7 11. Bg5 a6 12. Nc3 {[%cal Bb1c3,Bc3e2,Be2f4,Bf4h5,Bh5f6][%mdl 32]} Qb8 ({Black should play} 12... Qb6 $14) 13. e4 $16 {And now e5 would win.} h6 (13... b4 $142) 14. Bxf6 $1 gxf6 15. Rad1 b4 16. Ne2 Rd8 17. Nh4 Bf8 (17... c5 $16) 18. Nf4 $18 e5 19. Nh5 exd4 20. Rxd4 Ne5 21. Nxf6+ Kg7 22. Nh5+ Kh8 23. Rdd1 Qa7 24. Qc1 Nd3 $2 {[#]} (24... Qc5 25. Qf4 Qe7) 25. Rxd3 $1 Rxd3 26. Qf4 Bc8 {[#]} 27. Qf6+ (27. Ng6+ $142 $1 {[%mdl 512]} Kg8 (27... fxg6 28. Qxf8+) 28. Nxf8 Kxf8 29. e5) 27... Kg8 {intending ...Rd6.} 28. Nf5 Bxf5 29. Qxf5 Rd6 30. e5 Rg6 31. Be4 Qe7 (31... Rd8 $142 32. e6 Rg7 33. Nxg7 Bxg7) 32. Nf6+ Kh8 33. Rd1 Rd8 34. Rxd8 Qxd8 35. Nd7 ({Stronger than} 35. Bxc6 Bg7 $15) 35... Qe7 36. Nxf8 Qxf8 {[#]} 37. e6 $1 {[%mdl 512] Accuracy: White = 84%, Black = 34%.} 1-0

[Event "52nd Iran-ch Men Final 2019"]
[Site "Bushehr"]
[Date "2019.01.29"]
[Round "6"]
[White "Gholami, Aryan"]
[Black "Moradi, Amirmasoud"]
[Result "1-0"]
[WhiteElo "2488"]
[BlackElo "2321"]
[Annotator "RC"]
[PlyCount "117"]
[EventDate "2019.01.24"]
[EventType "tourn"]
[EventCountry "IRI"]
[SourceTitle "playchess.com"]
[Source "ChessBase"]
[SourceQuality "1"]
[TimeControl "40/5400+30:1800+30"]

1. Nf3 {[%emt 0:00:05]} Nf6 {[%emt 0:00:00]} 2. d4 {[%emt 0:00:31]} e6 {[%emt 0:00:47]} 3. Bf4 {[%emt 0:00:34]} c5 {[%emt 0:07:14]} 4. e3 {[%emt 0:00:17]} Nc6 {[%emt 0:01:16]} 5. Nbd2 {[%emt 0:05:36]} Be7 {[%emt 0:03:11]} 6. c3 {[%emt 0:03:51]} Nh5 {[%emt 0:04:17]} 7. Bg3 {[%emt 0:00:17]} b6 {[%emt 0:05:15]} 8. Ne5 {[%emt 0:09:30]} Nxg3 {[%emt 0:03:32]} 9. Nxc6 {[%emt 0:01:12]} dxc6 {[%emt 0:06:07]} 10. hxg3 {[%emt 0:00:13]} cxd4 {[%emt 0:06:58]} 11. exd4 {[%emt 0:00:37]} Qc7 {[%emt 0:14:04]} 12. Bd3 {[%emt 0:07:21]} Bb7 {[%emt 0:00:05]} 13. Qf3 {[%emt 0:02:31]} h6 {[%emt 0:04:46]} 14. Qg4 {[%emt 0:08:55]} Bf8 {[%emt 0:14:48]} 15. a4 {[%emt 0:04:59]} a6 {[%emt 0:03:57]} 16. a5 {[%emt 0:07:41]} b5 {[%emt 0:02:04]} 17. b4 {[%emt 0:01:44]} g6 {[%emt 0:03:01]} 18. Ne4 O-O-O {[%emt 0:02:18]} 19. Nc5 {[%emt 0:14:38]} Bxc5 {[%emt 0:03:19]} 20. bxc5 {[%emt 0:00:06]} h5 {[%emt 0:00:06]} 21. Qh4 {[%emt 0:01:18]} e5 {[%emt 0:00:59]} 22. O-O {[%emt 0:00:18]} exd4 {[%emt 0:00:03]} 23. cxd4 {[%emt 0:00:06]} Rd7 {[%emt 0:04:49]} 24. Rfd1 {[%emt 0:01:43]} Qd8 {[%emt 0:01:37]} 25. Qf4 {[%emt 0:00:07]} h4 {[%emt 0:00:37]} 26. Be4 {[%emt 0:02:26]} hxg3 {[%emt 0:01:20]} 27. fxg3 {[%emt 0:00:19]} f5 {[%emt 0:03:02]} 28. Bf3 {[%emt 0:00:08]} g5 {[%emt 0:01:55]} 29. Qxf5 {[%emt 0:00:40]} Kb8 {[%emt 0:00:01]} 30. Rac1 {[%emt 0:02:54]} Ka7 {[%emt 0:02:13]} 31. d5 {[%emt 0:00:31]} Bc8 {[%emt 0:00:27]} 32. Qe5 {[%emt 0:05:04]} Re8 {[%emt 0:00:36]} 33. Qc3 {[%emt 0:01:48]} g4 {[%emt 0:00:40]} 34. dxc6 {[%emt 0:00:27]} Rxd1+ {[%emt 0:00:16]} 35. Rxd1 {[%emt 0:00:02]} Qe7 {[%emt 0:00:48]} 36. Bd5 {[%emt 0:00:23]} Qh7 {[%emt 0:00:48]} 37. Rf1 {[%emt 0:02:06]} Re7 {[%emt 0:00:02]} 38. c7 {[%emt 0:13:42]} Qg7 {[%emt 0:00:01]} 39. Qd2 {[%emt 0:01:21]} Qe5 {[%emt 0:01:16]} 40. c6 {[%emt 0:00:00]} Rxc7 {[%emt 0:00:00]} 41. Re1 {[%emt 0:03:45]} Qf6 {[%emt 0:18:26]} 42. Qe3+ Ka8 {[%emt 0:00:50]} 43. Qc5 {[%emt 0:17:03]} Qd8 {[%emt 0:03:06]} 44. Re5 {[%emt 0:03:50]} Qh8 {[%emt 0:02:42]} 45. Qd6 {[%emt 0:00:32]} Qh7 {[%emt 0:02:22]} 46. Be4 {[%emt 0:00:23]} Qf7 {[%emt 0:01:53]} 47. Kh2 {[%emt 0:01:21]} Kb8 {[%emt 0:01:25]} 48. Qc5 {[%emt 0:00:24]} Ka8 {[%emt 0:01:45]} 49. Qb6 {[%emt 0:01:47]} Qf8 {[%emt 0:02:18]} 50. Rh5 {[%emt 0:01:13]} Qe8 {[%emt 0:00:14]} 51. Rh6 {[%emt 0:01:50]} Qf8 {[%emt 0:00:29]} 52. Rh4 {[%emt 0:00:17]} Qd8 {[%emt 0:00:12]} 53. Qc5 {[%emt 0:01:19]} Qe7 {[%emt 0:00:03]} 54. Qd4 {[%emt 0:00:18]} Qg7 {[%emt 0:00:36]} 55. Qb6 {[%emt 0:00:43]} Qe5 {[%emt 0:00:05]} 56. Rh6 {[%emt 0:00:54]} b4 {[%emt 0:01:51]} 57. Qxb4 {[%emt 0:00:06]} Qb5 {[%emt 0:00:52]} 58. Qc3 {[%emt 0:00:41]} Qa4 {[%emt 0:00:18]} 59. Qe5 {[%emt 0:00:36]} 1-0

[Event "52nd Iran-ch Men Final 2019"]
[Site "Bushehr"]
[Date "2019.01.29"]
[Round "6"]
[White "Tahbaz, Arash"]
[Black "Pourramezanali, Amirreza"]
[Result "1/2-1/2"]
[WhiteElo "2468"]
[BlackElo "2528"]
[Annotator "TA"]
[PlyCount "146"]
[EventDate "2019.01.24"]
[EventType "tourn"]
[EventCountry "IRI"]
[SourceTitle "playchess.com"]
[Source "ChessBase"]
[SourceQuality "1"]

{[%evp 24,146,2,0,24,-23,0,0,0,-9,0,-10,0,-13,0,0,0,0,0,0,0,-76,-52,-67,0,0,0,0,0,0,0,0,0,0,29,29,51,14,76,70,87,90,83,11,37,9,22,-58,30,16,135,137,139,97,1255,104,125,121,125,118,118,128,125,125,122,122,126,115,179,187,491,481,309,120,120,120,120,116,116,109,113,108,93,94,114,9,9,9,9,9,16,0,0,7,8,0,95,0,0,0,0,0,9,14,14,15,15,0,8,0,0,0,0,0,0,0,0,0,0,0,0,0,0,0,0]} 1. e4 c6 2. d4 d5 3. Nd2 $146 (3. Nc3 dxe4 {½-½ (23) Barbosa,E (2509)-Leitao,R (2618) Teresina 2018}) ({Predecessor:} 3. Nc3 dxe4 {1-0 (47) Michiels,A (1905)-McCartney,P (2071) ICCF email 2012}) 3... dxe4 4. Nxe4 Bf5 5. Ng3 Bg6 6. h4 h6 7. Nf3 Nd7 8. h5 Bh7 9. Bd3 Bxd3 10. Qxd3 e6 11. Bd2 Ngf6 12. O-O-O Be7 13. Qe2 ({Predecessor:} 13. Kb1 O-O 14. Qe2 Qb6 15. Ne5 {1-0 (47) Michiels,A (1905)-McCartney,P (2071) ICCF email 2012}) 13... Qb6 {B19: Classical Caro-Kann: 4...Bf5 main line} (13... O-O 14. Nf1 c5 15. g4 cxd4 16. g5 hxg5 17. h6 g6 18. Bxg5 Nh7 19. Bxe7 Qxe7 20. Nxd4 Rfd8 21. Ne3 Qf6 22. Nb5 Ne5 23. Kb1 a6 {½-½ (23) Barbosa,E (2509)-Leitao,R (2618) Teresina 2018}) 14. Kb1 Rd8 15. Ne5 O-O 16. c4 c5 ({Of course not} 16... Qxd4 17. Nxd7 Qxd7 18. Ba5 $16) 17. Bc3 cxd4 18. Bxd4 Bc5 19. Nxd7 Nxd7 20. Bc3 $1 Bb4 {Threatens to win with ...Bxc3.} ({Avoid the trap} 20... Bxf2 $2 21. Ne4 $18) 21. Bd4 Bc5 22. Rh4 (22. Bc3 $11) 22... Bxd4 ({Predecessor:} 22... f5 23. Rf4 Rfe8 24. Bxc5 Nxc5 {1-0 (47) Michiels,A (1905)-McCartney,P (2071) ICCF email 2012}) 23. Rhxd4 Nc5 (23... Nf6 $15 24. Qd2 Rxd4 25. Qxd4 Qa5) 24. Qe3 $11 Rxd4 25. Rxd4 Qc6 26. f3 Qc7 27. Ne2 Qh2 28. g4 Qh1+ 29. Kc2 Rc8 30. Qf2 b5 {[#]} (30... e5 $11 31. Rd1 Qh3) 31. Nc3 $1 $16 b4 32. Rd1 Qh3 33. Nb5 ({White should play} 33. Ne2 $16 e5 34. Qg3 Qxg3 35. Nxg3) 33... a6 34. Na7 Rc7 35. Rd8+ Kh7 {With the idea ...e5.} 36. Rc8 $36 {[%mdl 2048] White has the initiative.} Rxa7 (36... Rxc8 $11 37. Nxc8 Nd7) 37. Rxc5 $11 {[%mdl 4096] Endgame KQR-KQR} Rd7 38. Re5 Rd4 $2 {[%mdl 8192]} (38... Rd8 $16) 39. Qe2 $2 (39. Qxd4 $18 {and the rest is easy.} Qg2+ 40. Qd2) 39... f5 40. Rxe6 fxg4 41. fxg4 Rxg4 42. Qd3+ Qxd3+ 43. Kxd3 $16 {KR-KR} Rg5 44. Rxa6 Rxh5 45. Rb6 Rh1 (45... g5 $16) 46. Rxb4 $18 {Strongly threatening c5.} h5 $2 (46... g5 {is a better chance.} 47. c5 Rd1+ 48. Ke4 Rc1) 47. c5 Rc1 48. Rc4 $2 (48. Rh4 $18 {and White stays clearly on top.}) 48... Rxc4 $16 49. Kxc4 {Intending c6 and mate. K3P-KPP} h4 {White must now prevent ...h3.} 50. c6 h3 51. c7 h2 52. c8=Q {White wants to mate with Qh3+.} h1=Q {KQ-KQ} 53. Qf5+ Kh6 54. b4 ({Better is} 54. Qe6+ $16 Kh7 55. b4) 54... Qc1+ $1 $11 55. Kb5 {aiming for a4.} Qa3 $1 56. Qe6+ g6 $1 57. Kc5 Kh5 58. Qe2+ Kh6 59. Qh2+ Kg7 {[#]} (59... Kg5 $11 {keeps the balance.}) 60. Qe5+ (60. Qd2 $1 $16) 60... Kh6 {The position is equal.} 61. Qh8+ Kg5 62. Qd8+ Kh6 63. Qh4+ Kg7 64. Qd4+ Kh6 $1 65. Qh4+ Kg7 66. Qc4 {Kb6 is the strong threat.} g5 $1 67. Kc6 Qf3+ 68. Kc7 {And now Qd4+ would win.} Qf4+ 69. Qxf4 gxf4 70. b5 f3 71. b6 f2 72. b7 f1=Q {Hoping for ...Qc4+.} 73. b8=Q Qc4+ {Accuracy: White = 50%, Black = 53%.} 1/2-1/2